| 000 | 00677cam a2200229 4500 | ||
|---|---|---|---|
| 001 | 21600 | ||
| 003 | BD-RjUL | ||
| 005 | 20211209000715.0 | ||
| 008 | 140305s1973 ii 000 1 eng | ||
| 035 | _a(BD-RjUL)21664 | ||
| 040 |
_aDLC _cDLC _dDLC _dBD-RjUL _beng |
||
| 041 | _aeng | ||
| 082 | 0 | 0 |
_a891.4237 _bDUD 1973 |
| 100 | 1 |
_aDuggal, Kartar Singh, _d1917-2012. _966707 |
|
| 245 | 1 | 0 |
_aDeath of a song and other stories / _cK. S. Duggal. |
| 260 |
_aNew Delhi : _bArnold-Heinemann India, _c1973. |
||
| 300 |
_a186 p. ; _c23 cm. |
||
| 651 | 0 |
_aIndia _xSocial life and customs _xFiction. _923940 |
|
| 942 |
_2ddc _cBK |
||
| 999 |
_c21600 _d21600 |
||